00702nam a22002057a 4500001001000000003001100010005001700021008004100038020001800079040002700097041000800124050002500132245012100157260004400278300001900322500004400341500004000385546002300425610004800448BRCA_9169FranzMayer20220627122824.0220310b |||||||| |||| 00| 0 eng d a9788466237291 cMUSEO FRANZ MAYERdDLC aspa aN8217.C63bE393 2018 aGuía Ilustrada para interpretar la ModabUn Manual sobre la Evolución del Vestido desde el siglo XVI hasta el XX aMadrid, EspañabEditorial LIBSAc2018 a184 p.c30 cm. aAdquirido por el MFM en marzo del 2022. aLibreros-Anexo Acervos y Biblioteca aTexto en español aLydia EdwardsxModaySiglo XVII-XIXzEuropa